ISO 9000 - ISO 14000 : παρουσίαση-ανάλυση προτύπων διασφάλισης ποιότητας & περιβαλλοντικής διαχείρισης : προσαρμογή στην βιομηχανία τροφίμων & ποτών

Saved in:
Bibliographic Details
Main Author: Αρβανιτογιάννης, Ιωάννης Σ.
Other Authors: Ευστρατιάδης, Μιχαήλ Μ., Μπουντουρόπουλος, Ιωάννης Δ.
Format: Book
Language:Greek
Published: Θεσσαλονίκη : University Studio Press, 2000
Subjects:
Tags: Add Tag
No Tags, Be the first to tag this record!

MARC

LEADER 00000cam a2200000 i 4500
001 1/84539
008 050831s2000 gre d
020 |a 960-12-0810-0 
035 |l 10080044 
040 |a GR-MY-UA  |b gre  |e aacr 
041 0 |a gre 
082 0 |a 658.562  |2 (22) 
100 1 |a Αρβανιτογιάννης, Ιωάννης Σ. 
245 1 0 |a ISO 9000 - ISO 14000 :  |b παρουσίαση-ανάλυση προτύπων διασφάλισης ποιότητας & περιβαλλοντικής διαχείρισης : προσαρμογή στην βιομηχανία τροφίμων & ποτών /  |c Ι. Σ. Αρβανιτογιάννης, Μ. Μ. Ευστρατιάδης, Ι. Δ. Μπουντουρόπουλος 
260 |a Θεσσαλονίκη :   |b University Studio Press,   |c 2000 
300 |a 333 σ.;  |b πιν.;  |c 26 εκ.+  |e 1 δισκέτα υπολογιστή (3 1/2 ιν.) 
504 |a Περιέχει βιβλιογραφία 
650 0 0 |a Quality control  |x Standards. 
650 0 0 |a ISO 9000 Series Standards. 
650 0 0 |a ISO 14000 Series Standards. 
650 0 0 |a Environmental protection  |x Standards. 
650 0 0 |a Food industry and trade  |x Quality control. 
700 1 |a Ευστρατιάδης, Μιχαήλ Μ. 
700 1 |a Μπουντουρόπουλος, Ιωάννης Δ. 
852 |a INST  |b LESVOS  |e 20050831  |h 658.562 ΑΡΒ  |p 005100031887  |q 005100031887  |t BK  |y 0 
852 |a INST  |b LESVOS  |e 20081105  |h 658.562 ΑΡΒ  |p 005100044290  |q 005100044290  |t BK  |y 0 
852 |a INST  |b LESVOS  |e 20100616  |h 658.562 ΑΡΒ  |p 005100047834  |q 005100047834  |t BK  |y 0 
852 |a INST  |b LESVOS  |e 20110825  |h 658.562 ΑΡΒ  |p 005100049916  |q 005100049916  |t BK  |y 0 
852 |a INST  |b LESVOS  |e 20050831  |h 658.562 ΑΡΒ   |p 005100031888  |q 005100031888  |t BK  |y 0 
852 |a INST  |b LESVOS  |e 20081105  |h 658.562 ΑΡΒ   |p 005100044289  |q 005100044289  |t BK  |y 0 
852 |a INST  |b LESVOS  |e 20100616  |h 658.562 ΑΡΒ   |p 005100047835  |q 005100047835  |t BK  |y 0 
901 |a BIBL1-2005-2 
901 |a BIBL1-2008-3 
901 |a BIBL1-2011-2 
909 |a Λ  |b 121161 
909 |a Λ  |b 121162 
909 |a Λ  |b 142151 
909 |a Λ  |b 141049 
909 |a Λ  |b 161831 
909 |a Λ  |b 171337 
922 |a 1ΕΛΗ  |b 200711  |c ΕΠΕΑΕΚ2/ΤΠ  |d Σ. Πατάκης 
970 |a Καρά  |b Γιασεμή  |z 2005/08/31